キハ40系で運行される行先 - Statistics

General Stats
  • This quiz has been taken 163 times
  • The average score is 55 of 112
Answer Stats
Answer % Correct
函館
88%
鳥取
85%
旭川
82%
米子
79%
78%
益田
78%
長万部
77%
苫小牧
76%
出雲市
75%
下関
75%
徳島
75%
名寄
74%
富良野
73%
岡山
72%
津山
71%
滝川
70%
城崎温泉
70%
岩見沢
69%
鳴門
69%
倉吉
68%
豊岡
68%
長門市
68%
新山口
68%
稚内
67%
大沼
66%
浜坂
65%
広島
65%
境港
65%
山口
65%
三次
64%
枕崎
62%
新夕張
61%
鵡川
61%
高松
61%
和田山
60%
指宿
60%
鹿児島中央
60%
宮崎
60%
追分
59%
音威子府
59%
寺前
58%
西出雲
57%
田川後藤寺
57%
千歳
56%
都城
55%
大沼公園
54%
熊本
54%
総社
53%
津和野
53%
小倉
53%
志布志
53%
深川
52%
小串
52%
長崎
52%
東萩
51%
吉松
51%
智頭
50%
諫早
50%
佐賀
50%
香住
48%
仙崎
48%
阿南
48%
山川
48%
池谷
47%
三角
46%
城端
45%
氷見
45%
唐津
45%
隼人
45%
下深川
44%
高岡
43%
南宮崎
43%
狩留家
42%
新飯塚
42%
添田
42%
原田
42%
岩国
41%
徳山
41%
西唐津
41%
国分
40%
板野
39%
七飯
37%
引田
36%
桂川
36%
江北
36%
中国勝山
35%
宮野
35%
喜入
35%
肥前浜
34%
田川伊田
32%
福渡
31%
早岐
31%
油津
28%
志和口
26%
糸井
25%
備中高松
25%
滝部
25%
南郷
25%
西頴娃
24%
青島
21%
西都城
20%
富山
17%
慈眼寺
17%
桑野
15%
木与
14%
小長井
14%
多久
14%
肥前大浦
13%
香春
9%
五位野
9%
多良
9%
田野
5%
No matching quizzes found
Score Distribution
Percent of People with Each Score
Percentile by Number Answered
Your Score History
You have not taken this quiz